| 000 | 00695cam a2200253 a 4500 | ||
|---|---|---|---|
| 999 |
_c7252 _d7252 |
||
| 001 | 7252 | ||
| 003 | BD-JhCC | ||
| 005 | 20180422083404.0 | ||
| 008 | 881012s1984 stk | |||| ||eng| | ||
| 020 | _a0946264953 | ||
| 029 | _aR8501 | ||
| 035 | _a(BD-JhCC)7252 | ||
| 040 |
_aBD-JhCC _dBD-JhCC |
||
| 041 | _aeng | ||
| 082 |
_bWIL 1963 _a398.209411 |
||
| 100 | 1 |
_aWilson, Barbara Ker, _d1929- |
|
| 245 | 1 | 0 |
_aScottish folk tales and legends / _cby Barbara Ker Wilson ; new illustrations by David Whitton. |
| 260 |
_aMidlothian : _b[Lang Syne], _c1984, c1954. |
||
| 300 |
_a96p ; _c21cm. |
||
| 650 | _aFolk literature, Scottish | ||
| 650 | _aFolklore | ||
| 942 |
_2ddc _cBK |
||